[Event "Guimaraes op"]
[Site "Guimaraes"]
[Date "2021.08.28"]
[Round "7"]
[White "Cymbron, Filipe Lebens"]
[Black "Silva, Jose Lucas Ferreira"]
[Result "0-1"]
[WhiteElo "1159"]
[BlackElo "1455"]
[PlyCount "66"]
[EventDate "2021.08.24"]
[EventType "swiss"]
[EventRounds "9"]
[EventCountry "POR"]
[SourceTitle "CBM 204 Extra"]
[Source "ChessBase"]
[SourceDate "2021.11.30"]
[SourceVersion "1"]
[SourceVersionDate "2021.11.30"]
[SourceQuality "1"]

1. e4 c5 2. Nf3 Nc6 3. d4 cxd4 4. Nxd4 g6 5. Nc3 Bg7 6. Be3 Nf6 7. f3 0-0 8. Qd2 d5 9. Nxc6 bxc6 10. 0-0-0 e6 11. e5 Nd7 12. f4 a5 13. b3 Qe7 14. Na4 Qa3+ 15. Kb1 Ba6 16. Bxa6 Rxa6 17. Qc3 Rb8 18. Ka1 Rb5 19. Bc1 Qe7 20. Bb2 f6 21. Rde1 fxe5 22. fxe5 c5 23. h4 Nb6 24. Nxb6 Raxb6 25. Ba3 Qc7 26. Rhf1 c4 27. Rf4 a4 28. g4 axb3 29. cxb3 Rxb3 30. axb3 Rxb3 31. Qxb3 cxb3 32. Rf6 Bxf6 33. exf6 Qc3+ 0-1